00697 2200253 4500001002100000005001700021008004100038020001800079035002500097041000800122043001200130082001200142090002300154100001700177245007800194250001100272260003600283300003100319504003000350650001000380700001900390850001200409999002200421YOGYA-0511000000116320150708074901.0 ind  a979-3752-55-6 a0010-051100000001162 aInd aYOPDYOG a297.577 aDEP 297.577bYus P aYUSTISIANISA aPanduan pranikah for muslilmahc/ Yustisianisa; Penyunting, Ayub Purnawan aCet. 1 aYogyakartabCitra Risalahc2010 a144 hlm. :bIlus. ;c21 cm aBibliografi : hlm 145-146 aNikah aPurnawan, Ayup aYOPDYOG aCB-D.11-2010-1438